Sports Quiz

Random Sports or NFL Quiz

20 Most-Viewed Programs on ESPN Quiz Stats

Quiz not verified by Sporcle

Challenge
Share
Tweet
Score 0/20 Timer 04:00
0 Plays Today
Program (Date) Teams % Correct
CFB|BCS Championship (1/9/2012)Alabama-LSU
98.5%
CFB National Championship (1/12/2015)Oregon-Ohio State
98%
CFB Sugar Bowl (1/1/2015)Alabama-Ohio State
98%
CFB|BCS Championship (1/10/2011)Oregon-Auburn
97.4%
CFB|BCS Championship (1/7/2013)Alabama-Notre Dame
97.4%
NFL MNF (12/3/2007)New England Patriots-Baltimore Ravens
97.4%
CFB Rose Bowl (1/1/2015)Oregon-Florida State
96.9%
NFL MNF (11/30/2009)New England Patriots-New Orleans Saints
96.9%
CFB Rose Bowl (1/2/2012)Wisconsin-Oregon
96.9%
CFB|BCS Championship (1/6/2014)Florida State-Auburn
95.4%
Program (Date) Teams % Correct
NFL MNF (10/5/2009)Green Bay Packers-Minnesota Vikings
95.4%
NFL MNF (9/27/2010)Green Bay Packers-Chicago Bears
95.4%
NFL MNF (10/25/2010)NY Giants-Dallas Cowboys
94.9%
NFL MNF (10/27/2014)Washington Redskins-Dallas Cowboys
93.4%
NFL MNF (9/15/2008)Philadelphia Eagles-Dallas Cowboys
93.4%
NFL MNF (10/11/2010)Minnesota Vikings-NY Jets
92.3%
NFL Wild Card (1/3/2015)Arizona Cardinals-Carolina Panthers
89.3%
NFL MNF (12/27/2010)New Orleans Saints-Atlanta Falcons
89.3%
CFB Rose Bowl (1/1/2011)TCU-Wisconsin
82.1%
CFB Rose Bowl (1/1/2014)Stanford-Michigan State
80.6%

You're not logged in!

Compare scores with friends on all Sporcle quizzes.
Join for Free
OR
Log In

You Might Also Like...

Show Comments

Extras

Top Quizzes Today


Score Distribution

Your Account Isn't Verified!

In order to create a playlist on Sporcle, you need to verify the email address you used during registration. Go to your Sporcle Settings to finish the process.

Report this User

Report this user for behavior that violates our Community Guidelines.

Details: